|
|
|
|
| LEADER |
00000cam a2200000 a 4500 |
| 001 |
040463 |
| 003 |
UAHC_CL |
| 005 |
20170803124446.0 |
| 008 |
010822s1999 cl 000 spa |
| 040 |
|
|
|a UAHC_CL
|c UAHC_CL
|d UAHC_CL
|
| 100 |
1 |
|
|a Jara, José
|
| 245 |
1 |
3 |
|a El sujeto de la paz /
|c José Jara.
|
| 260 |
|
|
|b Universidad de Chile
|c 1999
|a Santiago, Chile
|
| 300 |
|
|
|a pp. 67-76.
|
| 500 |
|
|
|a En: Revista de filosofía, no. LIII-LIV, 1999. p. 67-76. ISSN 00348236.
|
| 520 |
|
|
|a Pareciera que la paz es una idea sobre la cual se puede reflexionar más allá de los ámbitos de la sociedad y de las naciones, en los cuales puede presentarse con toda la complejidad implicita en las modernizaciones de la paz social y de la paz entre naciones o Estados.
|
| 653 |
|
|
|a ANTROPOLOGIA
|
| 700 |
1 |
|
|a Jara, José
|
| 900 |
|
|
|a REV. FILOS.-LIII-LIV/99
|
| 942 |
|
|
|c BK
|
| 952 |
|
|
|0 0
|1 0
|4 0
|6 REV___FILOS_LIIILIV_99_000000000000000
|7 0
|8 General
|9 76186
|a BC
|b BC
|c General
|d 2017-08-03
|l 0
|o REV. FILOS.-LIII-LIV/99
|p 1301074
|r 2019-01-15 00:00:00
|t 1
|w 2017-08-03
|y BK
|
| 999 |
|
|
|c 40463
|d 40463
|